Primavera de la muerte (Record no. 14646)

MARC details
000 -LEADER
campo de control de longitud fija 00741nam a2200241 i 4500
001 - NÚMERO DE CONTROL
campo de control 14646
003 - IDENTIFICADOR DE NÚMERO DE CONTROL
campo de control ES-MaACL
005 - FECHA Y HORA DE LA ÚLTIMA TRANSACCIÓN
campo de control 20250514194820.0
007 - CAMPO FIJO DE DESCRIPCIÓN FÍSICA--INFORMACIÓN GENERAL
campo de control de longitud fija t|
008 - DATOS DE LONGITUD FIJA--INFORMACIÓN GENERAL
campo de control de longitud fija 990520s1998 sp ||||1| spa d
020 ## - NÚMERO INTERNACIONAL ESTÁNDAR DEL LIBRO
Número Internacional Estándar del Libro 84-8310-598-5
080 ## - NÚMERO DE LA CLASIFICACIÓN DECIMAL UNIVERSAL
Número de la Clasificación Decimal Universal 821.134.2-14"19"
100 1# - ENTRADA PRINCIPAL--NOMBRE DE PERSONA
Nombre de persona Bousoño, Carlos,
Fechas asociadas al nombre 1923-2015
9 (RLIN) 31032
245 10 - MENCIÓN DEL TÍTULO
Título Primavera de la muerte
Resto del título : poesías completas (1945-1998) /
Mención de responsabilidad, etc. Carlos Bousoño.
250 ## - MENCION DE EDICION
Mención de edición 1ª ed.
260 ## - PUBLICACIÓN, DISTRIBUCIÓN, ETC.
Lugar de publicación, distribución, etc. Barcelona :
Nombre del editor, distribuidor, etc. Tusquets,
Fecha de publicación, distribución, etc. 1998.
300 ## - DESCRIPCIÓN FÍSICA
Extensión 856 p. ;
Dimensiones 22 cm.
490 1# - MENCIÓN DE SERIE
Mención de serie Marginales ;
Designación de volumen o secuencia 169.
Mención de serie Nuevos textos sagrados
830 00 - PUNTO DE ACCESO ADICIONAL DE SERIE-TÍTULO UNIFORME
Título uniforme Marginales.
Nombre de parte o sección de la obra Nuevos textos sagrados ;
Designación de volumen o secuencia 169
9 (RLIN) 236111
852 ## - LOCALIZACIÓN
Ubicación ES-MaACL
Número de control de estantería L-21936
Sublocalización o colección R.127305
942 ## - ELEMENTOS DE ENTRADA SECUNDARIOS (KOHA)
Fuente del sistema de clasificación o colocación Clasificación decimal universal
Holdings
Estatus retirado Estado de pérdida Estado de daño No para préstamo Biblioteca de origen Biblioteca actual Ubicación en estantería Fecha de adquisición Fuente de adquisición Total de préstamos Signatura topográfica completa Código de barras Visto por última vez Precio de reemplazo Tipo de ítem Koha
        Biblioteca del Ateneo de Madrid Biblioteca del Ateneo de Madrid Depósito 2 17/01/2008     L-21936 1014894 23/02/2023 23/02/2023 Libro impreso